| 000 | 00816nam a2200241 i 4500 | ||
|---|---|---|---|
| 001 | 6512 | ||
| 003 | ES-MaACL | ||
| 005 | 20230906144952.0 | ||
| 008 | 891211s1987 sp ||||1| spa d | ||
| 020 | _a84-249-1235-7 | ||
| 080 | _a292.113.3 | ||
| 245 | 0 | 0 |
_aTextos de magia en papiros griegos / _cintroducción, traducción y notas de José Luis Calvo Martínez y Mª Dolores Sánchez Romero. |
| 260 |
_aMadrid : _bGredos, _c[1987] |
||
| 300 |
_a430 p. ; _c20 cm. |
||
| 490 | 1 |
_aBiblioteca clásica Gredos ; _v105 |
|
| 500 | _aÍndices. | ||
| 650 | 1 | 4 |
_aMagia griega. _914732 |
| 700 | 1 |
_aCalvo Martínez, José Luis. _933894 |
|
| 700 | 1 |
_aSánchez Romero, María Dolores. _9102903 |
|
| 830 | 1 |
_aBiblioteca clásica Gredos ; _v105 _9177556 |
|
| 852 |
_aES-MaACL _jL-13676 _z- Enc. plast. |
||
| 999 |
_c6512 _d6512 |
||